000 00270nam a22001217a 4500
008 171012b xxu||||| |||| 00| 0 eng d
041 _aeng
080 _a316
100 _a50
101 _aSOC
245 _aSOC INTRODUCTION TO SOCIOLOGY
_cLIE.B
942 _2udc
_cBK
999 _c33545
_d33545